Statistics for Forbes top 100 richest athletes

Click here to take the quiz!

General Stats

  • This quiz has been taken 2,182 times
  • The average score is 19 of 100

Answer Stats

NumberSportAthlete% Correct
4SoccerLionel Messi
89%
3SoccerCristiano Ronaldo
88%
6BasketballLeBron James
82%
1BoxingFloyd Mayweather
80%
9GolfTiger Woods
78%
5TennisRoger Federer
76%
22TennisRafael Nadal
60%
10BasketballKobe Bryant
51%
7BasketballKevin Durant
49%
24SoccerNeymar
49%
72BasketballDeron Williams
48%
47TennisSerena Williams
48%
15Racing (Formula 1)Lewis Hamilton
45%
13TennisNovak Djokovic
45%
54Football (NFL)Eli Manning
40%
32Football (NFL)Peyton Manning
40%
2BoxingManny Pacquiao
33%
64TennisAndy Murray
32%
62NASCARJimmie Johnson
32%
49BasketballJoe Johnson
32%
21Racing (Formula 1)Sebastian Vettel
30%
35SoccerWayne Rooney
28%
100BasketballJames Harden
27%
8GolfPhil Mickelson
27%
12GolfRory Mc Ilroy
27%
81BasketballRussell Westbrook
27%
31BasketballDwyane Wade
26%
28SoccerJames Rodriguez
26%
74SoccerLuis Suarez
26%
14SoccerZlatan Ibrahimovic
25%
17Racing (Formula 1)Fernando Alonso
23%
18SoccerGareth Bale
23%
95Football (NFL)Aaron Rodgers
22%
91Football (NFL)Alex Smith
21%
71Football (NFL)Tyron Smith
21%
25BasketballCarmelo Anthony
20%
37BasketballChris Paul
18%
73RunningUsain Bolt
18%
67Football (NFL)Drew Brees
17%
20BasketballDerrick Rose
16%
82GolfJustin Rose
16%
85GolfJordan Spieth
14%
26TennisMaria Sharapova
14%
52BasketballChris Bosh
13%
34BaseballClayton Kershaw
13%
41BasketballDwight Howard
13%
40BaseballRyan Howard
13%
45SoccerSergio Aguero
13%
39BaseballAlbert Pujols
11%
46BasketballBlake Griffin
11%
90SoccerEden Hazard
11%
11Football (NFL)Ben Roethlisberger
9%
55Stock Car RacingDale Earnhardt, Jr.
9%
89BaseballDavid Ortiz
9%
56BaseballJustin Verlander
9%
33Racing (Formula 1)Kimi Raikkonen
9%
43BaseballMiguel Cabrera
9%
27Football (NFL)Carson Palmer
8%
29Football (NFL)J.J Watt
8%
88BasketballKevin Love
8%
68Football (NFL)Tony Romo
8%
87SoccerFrank Lampard
6%
94SoccerMesut Ozil
6%
63BoxingWladimir Klitschko
6%
69BaseballAdrian Gonzalez
5%
51BaseballCC Sabathia
5%
60BaseballFelix Hernandez
5%
80BaseballHanley Ramirez
5%
99BaseballMax Scherzer
5%
42BaseballCliff Lee
4%
97BasketballJeremy Lin
4%
92TennisKei Nishikori
4%
23CricketMahendra Singh Dhoni
4%
30BaseballRobinson Cano
4%
83SoccerYaya Toure
4%
53BaseballZack Greinke
4%
57Football (NFL)Andy Dalton
3%
19BaseballJon Lester
3%
16Football (NFL)Ndamukong Suh
3%
48BaseballPrince Fielder
3%
38SoccerRadamel Falcao
3%
77BaseballCarl Crawford
2%
79SoccerCesc Fabregas
2%
76BaseballDavid Wright
2%
50BaseballJoe Mauer
2%
84BasketballRudy Gay
2%
86BasketballAdam Wainwright
1%
44BasketballAmar'e Stoudemire
1%
61BaseballCole Hamels
1%
36Football (NFL)Gerald Mc Coy
1%
70BaseballJacoby Ellsbury
1%
78BaseballJayson Werth
1%
66Football (NFL)LeSean Mc Coy
1%
59BaseballMark Teixeira
1%
58BaseballMasahiro Tanaka
1%
65BaseballMatt Kemp
1%
96GolfBilly Horschel
0%
93Football (NFL)Devin Mc Courty
0%
75BaseballMatt Cain
0%
98Football (NFl)Maurkice Pouncey
0%

Score Distribution

Percentile by Number Answered

Percent of People with Each Score

Your Score History

You have not taken this quiz